[Event "DEM U14w 2015"]
[Site "Willingen GER"]
[Date "2015.05.24"]
[Round "1"]
[White "Schneider, Jana"]
[Black "Nguyen, Ha Thanh"]
[Result "1-0"]
[Termination "normal"]
[Board "1"]
[WhiteElo "2037"]
[BlackElo "1655"]
[WhiteClock "00:15:35"]
[BlackClock "00:02:44"]
[PlyCount "69"]
[WhiteFideId "12924997"]
[BlackFideId "12942154"]
[EventCountry "GER"]
[EventRounds "9"]
[EventType "swiss"]
[EventDate "2015.05.23"]

1. e4 c5 2. Nf3 Nc6 3. Bb5 g6 4. O-O Bg7 5. Nc3 d6 6. Bxc6+ bxc6 7. d3 Nf6 8.
e5 Nd5 9. exd6 exd6 10. Re1+ Be6 11. Nxd5 cxd5 12. Ng5 Qf6 13. Nxe6 fxe6 14.
Qg4 e5 15. Qa4+ Ke7 16. b4 Rhf8 17. Re2 Qh4 18. Ba3 cxb4 19. Bxb4 Qd4 20. c3
Qxd3 21. Rb2 Qf5 22. Qc6 Qe6 23. Qc7+ Kf6 24. Rd1 Rfc8 25. Qa5 d4 26. cxd4 exd4
27. Re1 Qc4 28. Bxd6 Re8 29. Be5+ Kf7 30. Rb7+ Kf8 31. Qa3+ Kg8 32. Rxg7+ Kh8
33. Qf8+ Rxf8 34. Rxg6+ Rf6 35. Bxf6# 1-0

[Event "DEM U14w 2015"]
[Site "Willingen GER"]
[Date "2015.05.24"]
[Round "1"]
[White "Möller, Lisa-Marie"]
[Black "Sanati, Charlotte"]
[Result "0-1"]
[Termination "normal"]
[Board "2"]
[WhiteElo "1493"]
[BlackElo "1862"]
[WhiteClock "00:00:34"]
[BlackClock "00:00:45"]
[PlyCount "80"]
[WhiteFideId "12959367"]
[BlackFideId "12907707"]
[EventCountry "GER"]
[EventRounds "9"]
[EventType "swiss"]
[EventDate "2015.05.23"]

1. e4 c5 2. Nf3 d6 3. Bb5+ Nd7 4. c4 a6 5. Bxd7+ Bxd7 6. d4 cxd4 7. Nxd4 g6 8.
Nc3 Bg7 9. Be3 e6 10. O-O Ne7 11. Rc1 O-O 12. Qd2 Qc7 13. b3 Nc6 14. Rfd1 Rad8
15. f3 Ne5 16. Qf2 Bc6 17. h3 Nd7 18. Nxc6 bxc6 19. Qd2 Nf6 20. Bf4 e5 21. Be3
Nh5 22. Qf2 c5 23. Rd3 Nf4 24. Bxf4 exf4 25. Nd5 Qb7 26. Qh4 f6 27. Qxf4 f5 28.
exf5 Rxf5 29. Qh4 Re8 30. Re1 Rxe1+ 31. Qxe1 Re5 32. Qh4 Qf7 33. Qd8+ Re8 34.
Qxd6 Re1+ 35. Kf2 Qe8 36. Nf4 Bd4+ 37. Kg3 Re5 38. h4 g5 39. hxg5 Rxg5+ 40. Kh3
Re5 0-1

[Event "DEM U14w 2015"]
[Site "Willingen GER"]
[Date "2015.05.24"]
[Round "1"]
[White "Weimert, Miriam"]
[Black "Schulze, Lara"]
[Result "0-1"]
[Termination "normal"]
[Board "4"]
[WhiteElo "1561"]
[BlackElo "1874"]
[WhiteClock "00:00:42"]
[BlackClock "00:01:54"]
[PlyCount "78"]
[WhiteFideId "12966703"]
[BlackFideId "12956830"]
[EventCountry "GER"]
[EventRounds "9"]
[EventType "swiss"]
[EventDate "2015.05.23"]

1. e4 c5 2. d4 cxd4 3. c3 dxc3 4. Nxc3 e6 5. Nf3 d6 6. Be3 Nc6 7. Rc1 Be7 8.
Bd3 Nf6 9. O-O O-O 10. Bb1 Bd7 11. Qe2 Qb8 12. Rfd1 Rd8 13. a3 Ne5 14. Nd4 Neg4
15. h3 Nxe3 16. Qxe3 a6 17. Qd3 Qa7 18. Rc2 Rac8 19. Rdc1 g6 20. Nce2 Rxc2 21.
Rxc2 e5 22. Nf3 Bb5 23. Qb3 Nxe4 24. Nc3 Nxc3 25. Rxc3 Qb8 26. Nd2 Bc6 27. Ba2
d5 28. Rd3 Qc7 29. f3 Bc5+ 30. Kh1 Qb6 31. Qc2 Bd4 32. Rb3 Qc5 33. Qb1 Bb5 34.
Rb4 a5 35. Rb3 Rd7 36. f4 a4 37. Rg3 exf4 38. Rg4 Be3 39. Qd1 Qd4 0-1

[Event "DEM U14w 2015"]
[Site "Willingen GER"]
[Date "2015.05.24"]
[Round "1"]
[White "Rosenhain, Rachela"]
[Black "Walow, Xenia"]
[Result "1/2-1/2"]
[Termination "normal"]
[Board "5"]
[WhiteElo "1826"]
[BlackElo "1509"]
[WhiteClock "00:13:15"]
[BlackClock "00:10:24"]
[PlyCount "83"]
[WhiteFideId "12957615"]
[BlackFideId "12971839"]
[EventCountry "GER"]
[EventRounds "9"]
[EventType "swiss"]
[EventDate "2015.05.23"]

1. e4 c5 2. Nf3 d6 3. d4 cxd4 4. Qxd4 a6 5. c4 Nc6 6. Qd1 Nf6 7. Nc3 e6 8. Be3
Be7 9. Be2 Qc7 10. O-O O-O 11. Nd4 Nxd4 12. Qxd4 e5 13. Qd3 Be6 14. Nd5 Bxd5
15. cxd5 Qd7 16. Rfc1 Rfc8 17. f3 Bd8 18. Qa3 h6 19. b4 Kh8 20. Rab1 Ne8 21.
Bd1 Nf6 22. Ba4 b5 23. Bd1 Qb7 24. Rb3 Bb6 25. Kf1 Nd7 26. Be2 Bxe3 27. Rxe3
Nb6 28. Rec3 Rxc3 29. Rxc3 Rc8 30. Qc1 Kg8 31. Rxc8+ Qxc8 32. Qxc8+ Nxc8 33.
Bd1 Nb6 34. Bb3 Kf8 35. Ke2 Ke7 36. Ke3 g6 37. g4 g5 38. Kd2 Kd7 39. Kc3 Kc7
40. Kb2 f6 41. h3 Kb7 42. a3 1/2-1/2

[Event "DEM U14w 2015"]
[Site "Willingen GER"]
[Date "2015.05.24"]
[Round "1"]
[White "Höglauer, Jenny"]
[Black "Reinecke, Katharina"]
[Result "0-1"]
[Termination "normal"]
[Board "6"]
[WhiteElo "1487"]
[BlackElo "1745"]
[WhiteClock "00:02:01"]
[BlackClock "00:11:37"]
[PlyCount "60"]
[WhiteFideId "12982598"]
[BlackFideId "12929727"]
[EventCountry "GER"]
[EventRounds "9"]
[EventType "swiss"]
[EventDate "2015.05.23"]

1. e4 c6 2. d4 d5 3. Nc3 dxe4 4. Nxe4 Bf5 5. Ng3 Bg6 6. Nf3 Nd7 7. Bd3 Ngf6 8.
O-O e6 9. c4 Bd6 10. Bd2 Bxd3 11. Re1 Bxg3 12. hxg3 Bxc4 13. b3 Bd5 14. Bg5 O-O
15. Ne5 Qb6 16. Nxd7 Nxd7 17. Qg4 f5 18. Qd1 Nf6 19. Bf4 a5 20. Rb1 Rf7 21. f3
a4 22. Be3 axb3 23. axb3 Qb4 24. Qd2 Qxd2 25. Bxd2 Ra2 26. Bf4 Rf8 27. b4 b5
28. Ra1 Rfa8 29. Rxa2 Rxa2 30. Bd6 Nd7 0-1

[Event "DEM U14w 2015"]
[Site "Willingen GER"]
[Date "2015.05.24"]
[Round "1"]
[White "Gauchel, Verena"]
[Black "Reitz, Theresa"]
[Result "1/2-1/2"]
[Termination "normal"]
[Board "8"]
[WhiteElo "1414"]
[BlackElo "1485"]
[PlyCount "72"]
[WhiteFideId "12988537"]
[BlackFideId "12971901"]
[EventCountry "GER"]
[EventRounds "9"]
[EventType "swiss"]
[EventDate "2015.05.23"]

1. d4 Nf6 2. Bf4 g6 3. e3 Bg7 4. Nd2 O-O 5. Bd3 d6 6. c3 Nfd7 7. Ne2 e5 8. Bg3
Nc6 9. O-O a5 10. h3 Nb6 11. Bh2 Be6 12. Ng3 f5 13. Bc2 e4 14. Bb3 d5 15. Ne2
g5 16. Rc1 a4 17. Bc2 Bh6 18. b3 f4 19. bxa4 f3 20. gxf3 exf3 21. Ng3 Bxh3 22.
Re1 Qd7 23. Bb3 g4 24. c4 Nb4 25. Ndf1 dxc4 26. Bxc4+ Nxc4 27. Rxc4 Nd5 28. Qb3
Kh8 29. Rec1 c6 30. Rb1 Rf7 31. Ne4 Re8 32. Nc5 Qe7 33. Be5+ Bg7 34. Bxg7+ Kxg7
35. Ng3 Qc7 36. Qd3 Kh8 1/2-1/2

[Event "DEM U14w 2015"]
[Site "Willingen GER"]
[Date "2015.05.24"]
[Round "1"]
[White "Mönster, Madita"]
[Black "Kümmel, Tina"]
[Result "1-0"]
[Termination "normal"]
[Board "9"]
[WhiteElo "1659"]
[BlackElo "1381"]
[PlyCount "73"]
[WhiteFideId "12947156"]
[BlackFideId "12979368"]
[EventCountry "GER"]
[EventRounds "9"]
[EventType "swiss"]
[EventDate "2015.05.23"]

1. e4 e6 2. d4 d5 3. Nc3 Nf6 4. e5 Nfd7 5. Be3 c5 6. f4 Nc6 7. Nf3 Be7 8. Bd3
O-O 9. O-O Qc7 10. Qd2 b6 11. a3 f6 12. exf6 Nxf6 13. Rae1 Bd7 14. Bf2 Bd6 15.
Nb5 Bxf4 16. Nxc7 Bxd2 17. Nxd2 Rac8 18. Nxe6 Rfe8 19. Ng5 cxd4 20. Nb3 h6 21.
Nf3 Ne4 22. Bxe4 dxe4 23. Nfxd4 Nd8 24. Nd2 Nf7 25. Rxe4 Ng5 26. Rxe8+ Rxe8 27.
Re1 Rd8 28. N2f3 Nxf3+ 29. Nxf3 Bf5 30. Nd4 Bg6 31. Re7 Ra8 32. c3 Kf8 33. Rc7
Be4 34. Ne6+ Kg8 35. Rxg7+ Kh8 36. Bd4 Bc2 37. Rxa7+ 1-0

[Event "DEM U14w 2015"]
[Site "Willingen GER"]
[Date "2015.05.24"]
[Round "1"]
[White "Voß, Henrike"]
[Black "Fesselier, Chelsea"]
[Result "1/2-1/2"]
[Termination "normal"]
[Board "10"]
[WhiteElo "1570"]
[BlackElo "1688"]
[PlyCount "83"]
[WhiteFideId "12971910"]
[BlackFideId "26024624"]
[EventCountry "GER"]
[EventRounds "9"]
[EventType "swiss"]
[EventDate "2015.05.23"]

1. e4 c5 2. Nf3 e6 3. d4 cxd4 4. Nxd4 a6 5. Bd3 d6 6. Qe2 Qc7 7. c4 Nf6 8. Be3
Be7 9. Nc3 Nbd7 10. O-O b6 11. Rac1 Bb7 12. f3 O-O 13. b3 Qd8 14. Rfd1 Nc5 15.
Qf2 Nfd7 16. Nde2 Ne5 17. Bb1 Qc7 18. Nf4 Ncd7 19. Nd3 Nxd3 20. Bxd3 Rab8 21.
Ne2 Ba8 22. Nd4 Ne5 23. Bb1 Rfe8 24. Qe2 Nd7 25. Rf1 Nf6 26. Bd3 Bf8 27. Bf2 g6
28. f4 e5 29. fxe5 dxe5 30. Nf3 a5 31. Nd2 Bg7 32. Nb1 Qd6 33. Nc3 Bb7 34. Rfd1
Qc6 35. c5 Qe6 36. cxb6 Nd7 37. Bc4 Qe7 38. Bb5 Red8 39. Na4 Nf6 40. Rxd8+ Rxd8
41. Nc5 Bc8 42. Nd3 1/2-1/2

[Event "DEM U14w 2015"]
[Site "Willingen GER"]
[Date "2015.05.24"]
[Round "1"]
[White "Flach, Helene"]
[Black "Heil, Valerie"]
[Result "1-0"]
[Termination "normal"]
[Board "11"]
[WhiteElo "1702"]
[BlackElo "1087"]
[PlyCount "95"]
[WhiteFideId "12929735"]
[BlackFideId "16208790"]
[EventCountry "GER"]
[EventRounds "9"]
[EventType "swiss"]
[EventDate "2015.05.23"]

1. e4 e5 2. Nf3 Nc6 3. Bc4 Bc5 4. Nc3 Nf6 5. d3 d6 6. Be3 Nd4 7. Ne2 Bg4 8.
Nfxd4 Bxd4 9. Bxd4 Bxe2 10. Qxe2 exd4 11. O-O Qe7 12. Rae1 O-O-O 13. Qd2 Nd7
14. f4 f6 15. Qf2 c5 16. a4 b6 17. Ra1 a5 18. c3 dxc3 19. bxc3 Rhf8 20. Rfe1 g5
21. d4 Rde8 22. Bb5 Qe6 23. Qg3 gxf4 24. Qxf4 Re7 25. Bc6 Rg7 26. Rf1 h5 27.
Bd5 Qh3 28. Qf3 Qxf3 29. Rxf3 h4 30. Rf4 Rh7 31. Be6 Rh5 32. Rb1 Kc7 33. Bxd7
Kxd7 34. Rxb6 cxd4 35. cxd4 Kc7 36. Rb2 f5 37. Rbf2 Kc6 38. exf5 h3 39. g4 Rg5
40. R2f3 Rh8 41. f6 Rf8 42. Rxh3 Rg6 43. Rhf3 Kd7 44. h4 Rh6 45. g5 Rh7 46. g6
Rh5 47. g7 Re8 48. f7 1-0

[Event "DEM U14w 2015"]
[Site "Willingen GER"]
[Date "2015.05.24"]
[Round "1"]
[White "Albert, Eske"]
[Black "Browning, Rebecca"]
[Result "0-1"]
[Termination "normal"]
[Board "12"]
[WhiteElo "964"]
[BlackElo "1590"]
[PlyCount "122"]
[WhiteFideId "12991813"]
[BlackFideId "12984027"]
[EventCountry "GER"]
[EventRounds "9"]
[EventType "swiss"]
[EventDate "2015.05.23"]

1. e4 e6 2. d4 b6 3. Nf3 Bb7 4. Bd3 Nf6 5. Nc3 Bb4 6. Qe2 d6 7. Bd2 Nbd7 8. a3
Bxc3 9. Bxc3 Qe7 10. O-O-O O-O-O 11. Rhe1 Rhe8 12. Nd2 c5 13. f3 Kb8 14. e5
dxe5 15. dxe5 Nd5 16. Bxh7 g6 17. Ne4 Rh8 18. Bd2 Rxh7 19. Bg5 Qf8 20. Bxd8
Qxd8 21. h3 Qe7 22. c4 Nc7 23. Nd6 Rh4 24. Rd2 Ba6 25. b3 Nd5 26. Qf2 Nf4 27.
Re4 f5 28. Re3 Qg7 29. Qxh4 g5 30. Qg3 Nxe5 31. h4 Ned3+ 32. Rdxd3 Qa1+ 33. Kd2
Qb2+ 34. Ke1 Qc1+ 35. Rd1 Qxe3+ 36. Kf1 Qe2+ 37. Kg1 Qxd1+ 38. Kh2 Qxd6 39.
hxg5 Qc7 40. a4 Ng6 41. Qxc7+ Kxc7 42. Kh3 Bb7 43. Kg3 Kd6 44. f4 Be4 45. Kf2
Bc2 46. g3 Bxb3 47. Ke3 Bxc4 48. Kd2 Bb3 49. a5 bxa5 50. Kc3 c4 51. Kb2 Kd5 52.
Kc3 Ke4 53. Kd2 a4 54. Kc3 a3 55. Kd2 a2 56. Kc3 a1=Q+ 57. Kb4 Qb2 58. Kc5 c3
59. Kd6 c2 60. Kc5 c1=Q+ 61. Kd6 Qd4# 0-1

[Event "DEM U14w 2015"]
[Site "Willingen GER"]
[Date "2015.05.24"]
[Round "1"]
[White "Riegel, Arinna"]
[Black "Suhr, Saskia"]
[Result "1-0"]
[Termination "normal"]
[Board "13"]
[WhiteElo "1663"]
[BlackElo "821"]
[PlyCount "63"]
[WhiteFideId "12931446"]
[BlackFideId "16208803"]
[EventCountry "GER"]
[EventRounds "9"]
[EventType "swiss"]
[EventDate "2015.05.23"]

1. e4 c5 2. Nf3 Nc6 3. c4 g6 4. Nc3 Nf6 5. d3 Bg7 6. h3 d6 7. Be3 Be6 8. Qd2 h6
9. Be2 O-O 10. Bxh6 Qb6 11. Bxg7 Kxg7 12. Ng5 Nd4 13. Nxe6+ Nxe6 14. f4 Nd4 15.
Bg4 Rh8 16. O-O-O Rh4 17. Nd5 Qa6 18. Kb1 Rah8 19. Nxf6 Kxf6 20. Rhf1 e6 21.
e5+ dxe5 22. fxe5+ Ke7 23. Qg5+ Kf8 24. Qxg6 R8h7 25. Qf6 R4h6 26. Qd8+ Kg7 27.
Qe8 Kg6 28. Rf6+ Kg5 29. Qg8+ Kh4 30. g3+ Kxg3 31. Bh5+ Kxh3 32. Rh1# 1-0

[Event "DEM U14w 2015"]
[Site "Willingen GER"]
[Date "2015.05.24"]
[Round "2"]
[White "Köhler, Inken"]
[Black "Schneider, Jana"]
[Result "1-0"]
[Termination "normal"]
[Board "1"]
[WhiteElo "1777"]
[BlackElo "2037"]
[WhiteClock "00:07:06"]
[BlackClock "00:26:49"]
[PlyCount "84"]
[WhiteFideId "12929301"]
[BlackFideId "12924997"]
[EventCountry "GER"]
[EventRounds "9"]
[EventType "swiss"]
[EventDate "2015.05.23"]

1. e4 e5 2. Nf3 Nc6 3. d4 exd4 4. Nxd4 Bb4+ 5. c3 Bc5 6. Be3 Bb6 7. Bc4 Ne5 8.
Bb3 Nf6 9. Qc2 O-O 10. O-O d6 11. Nd2 Re8 12. Rfe1 Neg4 13. Rad1 Nxe3 14. Rxe3
c5 15. Nb5 Ng4 16. Rf3 Ne5 17. Rg3 a6 18. Na3 Bg4 19. Re1 Bh5 20. Nac4 Ba7 21.
Ne3 Bg6 22. Bd5 Rb8 23. Ndc4 Nc6 24. Qd3 Qe7 25. Nxd6 Ne5 26. Nef5 Nxd3 27.
Nxe7+ Rxe7 28. Rxd3 Rd8 29. Nc4 b5 30. Na5 Rdd7 31. Nc6 Re8 32. Nxa7 Rxa7 33.
Bc6 Rc8 34. Red1 f6 35. Rd8+ Rxd8 36. Rxd8+ Kf7 37. Ra8 Rxa8 38. Bxa8 b4 39.
cxb4 cxb4 40. f4 Ke7 41. Bd5 Kd6 42. Kf2 a5 1-0

[Event "DEM U14w 2015"]
[Site "Willingen GER"]
[Date "2015.05.24"]
[Round "2"]
[White "Sanati, Charlotte"]
[Black "Mönster, Madita"]
[Result "1-0"]
[Termination "normal"]
[Board "2"]
[WhiteElo "1862"]
[BlackElo "1659"]
[WhiteClock "00:34:51"]
[BlackClock "00:05:55"]
[PlyCount "37"]
[WhiteFideId "12907707"]
[BlackFideId "12947156"]
[EventCountry "GER"]
[EventRounds "9"]
[EventType "swiss"]
[EventDate "2015.05.23"]

1. e4 e5 2. Nf3 Nc6 3. Bb5 a6 4. Ba4 Nf6 5. O-O Be7 6. Re1 b5 7. Bb3 O-O 8. a4
b4 9. d4 exd4 10. Nxd4 Na5 11. e5 Ne8 12. Ba2 Bb7 13. Qh5 c5 14. Nf5 Nc6 15.
Re3 g6 16. Rg3 Kh8 17. Qh6 Nxe5 18. Rh3 Nf6 19. Qg7# 1-0

[Event "DEM U14w 2015"]
[Site "Willingen GER"]
[Date "2015.05.24"]
[Round "2"]
[White "Browning, Rebecca"]
[Black "Mütsch, Annmarie"]
[Result "0-1"]
[Termination "normal"]
[Board "3"]
[WhiteElo "1590"]
[BlackElo "1868"]
[WhiteClock "00:38:53"]
[BlackClock "00:15:54"]
[PlyCount "94"]
[WhiteFideId "12984027"]
[BlackFideId "12971367"]
[EventCountry "GER"]
[EventRounds "9"]
[EventType "swiss"]
[EventDate "2015.05.23"]

1. e4 e5 2. Nf3 Nc6 3. d4 exd4 4. Nxd4 Bc5 5. Be3 Qf6 6. Nb5 Bxe3 7. fxe3 Qh4+
8. g3 Qd8 9. Qg4 g6 10. Qf4 d6 11. Bc4 Ne5 12. Bb3 Bh3 13. Nd2 g5 14. Qf2 Nh6
15. O-O-O a6 16. Nd4 Qe7 17. Nf5 Nxf5 18. exf5 O-O-O 19. e4 Kb8 20. Nf3 Nxf3
21. Qxf3 h5 22. Rde1 f6 23. Bc4 Qe5 24. Qb3 Ka8 25. Re3 h4 26. Qa3 Ka7 27. Rhe1
hxg3 28. hxg3 Bg4 29. Rb3 Rb8 30. Rb5 Qd4 31. Rb4 Rh2 32. Kb1 Qc5 33. Qb3 Rhh8
34. Bd5 c6 35. Bc4 b5 36. Bd3 Rhf8 37. e5 Bh5 38. e6 Rfe8 39. g4 a5 40. Rbe4 d5
41. R4e2 Bxg4 42. Rg2 Bf3 43. Rh2 Rh8 44. Rxh8 Rxh8 45. Bxb5 Be4 46. Bd3 Rb8
47. Qa4 Qc3 0-1

[Event "DEM U14w 2015"]
[Site "Willingen GER"]
[Date "2015.05.24"]
[Round "2"]
[White "Schulze, Lara"]
[Black "Flach, Helene"]
[Result "1-0"]
[Termination "normal"]
[Board "4"]
[WhiteElo "1874"]
[BlackElo "1702"]
[WhiteClock "00:18:23"]
[BlackClock "00:39:08"]
[PlyCount "97"]
[WhiteFideId "12956830"]
[BlackFideId "12929735"]
[EventCountry "GER"]
[EventRounds "9"]
[EventType "swiss"]
[EventDate "2015.05.23"]

1. e4 c5 2. Nf3 e6 3. d4 cxd4 4. Nxd4 a6 5. Bd3 Qc7 6. O-O Nf6 7. Qe2 d6 8. c4
b6 9. Nc3 Bb7 10. f4 Nbd7 11. Kh1 Be7 12. Bd2 Rc8 13. Rae1 O-O 14. Nf3 Qb8 15.
Bb1 Rfd8 16. e5 Ne8 17. exd6 Bxd6 18. Bxh7+ Kf8 19. Bb1 Nef6 20. Ng5 Re8 21.
Nge4 Be7 22. b3 Nc5 23. Nxc5 Bxc5 24. Na4 Bd4 25. Be3 Bxe3 26. Qxe3 b5 27. cxb5
axb5 28. Nc5 Bd5 29. Ne4 Nxe4 30. Bxe4 Red8 31. Qh3 Bxe4 32. Rxe4 Ke7 33. f5 e5
34. Qg3 Kf8 35. Rxe5 Qb6 36. Qh4 f6 37. Re6 Qd4 38. Qh8+ Kf7 39. Qh5+ Kf8 40.
Rfe1 Qd7 41. Qh4 Kf7 42. Qe4 Kg8 43. Re7 Qd2 44. Qe6+ Kh8 45. Qf7 Qh6 46. Re8+
Rxe8 47. Rxe8+ Rxe8 48. Qxe8+ Kh7 49. Qg6+ 1-0

[Event "DEM U14w 2015"]
[Site "Willingen GER"]
[Date "2015.05.24"]
[Round "2"]
[White "Fesselier, Chelsea"]
[Black "Rosenhain, Rachela"]
[Result "0-1"]
[Termination "normal"]
[Board "6"]
[WhiteElo "1688"]
[BlackElo "1826"]
[WhiteClock "00:04:07"]
[BlackClock "00:10:53"]
[PlyCount "104"]
[WhiteFideId "26024624"]
[BlackFideId "12957615"]
[EventCountry "GER"]
[EventRounds "9"]
[EventType "swiss"]
[EventDate "2015.05.23"]

1. e4 e5 2. Nf3 Nc6 3. Bc4 Nf6 4. d3 Be7 5. c3 O-O 6. Bb3 d5 7. Qe2 Re8 8. O-O
d4 9. Nbd2 Bd6 10. h3 Be6 11. Rd1 Qe7 12. Nf1 Bxb3 13. axb3 Bc5 14. b4 Bb6 15.
Ng3 Qe6 16. Nf5 Rad8 17. Ng5 Qd7 18. Nf3 a6 19. Qd2 Rf8 20. Qg5 Ne8 21. Qg3 f6
22. N3h4 Kh8 23. Qg4 Qf7 24. Ng3 Ne7 25. Nhf5 Nxf5 26. Nxf5 Nd6 27. Nxd6 Rxd6
28. Qf3 Rfd8 29. Qe2 dxc3 30. bxc3 Qd7 31. Bb2 Rxd3 32. Rxd3 Qxd3 33. Qxd3 Rxd3
34. Rf1 Rd2 35. Ba1 Re2 36. c4 c5 37. bxc5 Bxc5 38. g3 Rxe4 39. Rc1 Re2 40. Rf1
Rc2 41. Kg2 Rxc4 42. Rd1 h6 43. Kf3 Rc2 44. Rf1 e4+ 45. Kxe4 Rxf2 46. Rxf2 Bxf2
47. g4 Kg8 48. Kf5 Kf7 49. Bc3 g6+ 50. Ke4 Ke6 51. Bd2 h5 52. gxh5 gxh5 0-1

[Event "DEM U14w 2015"]
[Site "Willingen GER"]
[Date "2015.05.24"]
[Round "2"]
[White "Reitz, Theresa"]
[Black "Voß, Henrike"]
[Result "1-0"]
[Termination "normal"]
[Board "7"]
[WhiteElo "1485"]
[BlackElo "1570"]
[PlyCount "145"]
[WhiteFideId "12971901"]
[BlackFideId "12971910"]
[EventCountry "GER"]
[EventRounds "9"]
[EventType "swiss"]
[EventDate "2015.05.23"]

1. e4 e5 2. Nf3 Nc6 3. Bb5 Nf6 4. d3 Bc5 5. h3 d6 6. Nbd2 Bd7 7. Nf1 a6 8. Ba4
h6 9. Ng3 Qe7 10. Nh2 Nd4 11. Bxd7+ Qxd7 12. c3 Ne6 13. Qf3 Ba7 14. Nf5 O-O-O
15. Be3 Kb8 16. O-O Rdg8 17. Bxa7+ Kxa7 18. Rfd1 Qd8 19. d4 exd4 20. Nxd4 Ng5
21. Qe3 c5 22. Nf5 Ngxe4 23. Nxd6 Nxd6 24. Qxc5+ Qb6 25. Qxb6+ Kxb6 26. Rxd6+
Kc7 27. Rad1 Re8 28. Kf1 Re7 29. R6d2 Rhe8 30. Nf3 Ne4 31. Rc2 Nc5 32. Re1 Nd3
33. Rxe7+ Rxe7 34. Rd2 Nf4 35. Nd4 Rd7 36. Rc2 Re7 37. Nf5 Re5 38. Ne3 Nd3 39.
Rd2 Nf4 40. c4 h5 41. h4 f6 42. g3 Ne6 43. Kg2 Kc6 44. b4 g5 45. Kf3 g4+ 46.
Kg2 f5 47. Rd5 Re4 48. Rxf5 Ng7 49. Rg5 Re7 50. Nd5 Rf7 51. Nf4 Re7 52. Nxh5
Nxh5 53. Rxh5 Re4 54. Rc5+ Kd6 55. a3 b6 56. Rc8 Kd7 57. Ra8 Rxc4 58. h5 Rc6
59. Rxa6 Rh6 60. Ra7+ Kc6 61. Rg7 Rxh5 62. Rxg4 Kb5 63. Re4 Ka4 64. Re3 Rd5 65.
g4 Rd4 66. g5 Rd6 67. Rg3 Rg6 68. f4 Kb5 69. f5 Rg8 70. f6 Kc6 71. f7 Rf8 72.
g6 Kd7 73. g7 1-0

[Event "DEM U14w 2015"]
[Site "Willingen GER"]
[Date "2015.05.24"]
[Round "2"]
[White "Nguyen, Ha Thanh"]
[Black "Grey, Andrea"]
[Result "1-0"]
[Termination "normal"]
[Board "9"]
[WhiteElo "1655"]
[BlackElo "1424"]
[PlyCount "23"]
[WhiteFideId "12942154"]
[BlackFideId "12971880"]
[EventCountry "GER"]
[EventRounds "9"]
[EventType "swiss"]
[EventDate "2015.05.23"]

1. e4 c5 2. Nf3 Nc6 3. d4 cxd4 4. Nxd4 g6 5. Nc3 Bg7 6. Be3 a6 7. Nd5 e6 8.
Nxc6 dxc6 9. Bb6 Qh4 10. Nc7+ Kf8 11. Bc5+ Qe7 12. Qd8# 1-0

[Event "DEM U14w 2015"]
[Site "Willingen GER"]
[Date "2015.05.24"]
[Round "2"]
[White "Kümmel, Tina"]
[Black "Möller, Lisa-Marie"]
[Result "1/2-1/2"]
[Termination "normal"]
[Board "10"]
[WhiteElo "1381"]
[BlackElo "1493"]
[PlyCount "85"]
[WhiteFideId "12979368"]
[BlackFideId "12959367"]
[EventCountry "GER"]
[EventRounds "9"]
[EventType "swiss"]
[EventDate "2015.05.23"]

1. Nf3 c5 2. g3 Nc6 3. Bg2 Nf6 4. O-O e6 5. d3 Be7 6. Nbd2 O-O 7. e4 Qc7 8. c3
e5 9. Qc2 d6 10. Re1 h6 11. Nc4 Be6 12. Ne3 Rac8 13. Bd2 Rfd8 14. Rac1 d5 15.
Red1 Qb6 16. c4 dxe4 17. dxe4 Nd4 18. Nxd4 cxd4 19. Nd5 Nxd5 20. exd5 Bg4 21.
Re1 Qc7 22. Qe4 Bh5 23. Qxe5 Qxe5 24. Rxe5 Bg5 25. Bxg5 hxg5 26. Rxg5 Be2 27.
Bf1 Bxf1 28. Kxf1 f6 29. Rf5 Kf7 30. Ke2 g6 31. Rf4 Rxd5 32. Kd3 Ke6 33. Rxd4
Rxd4+ 34. Kxd4 Rd8+ 35. Ke3 Rc8 36. Rc3 g5 37. b4 Rh8 38. a4 Rxh2 39. Rd3 Rh1
40. c5 Rb1 41. Rd4 Rb3+ 42. Ke2 Rb2+ 43. Ke3 1/2-1/2

[Event "DEM U14w 2015"]
[Site "Willingen GER"]
[Date "2015.05.24"]
[Round "2"]
[White "Manco, Michela"]
[Black "Albert, Eske"]
[Result "1-0"]
[Termination "normal"]
[Board "11"]
[WhiteElo "1607"]
[BlackElo "964"]
[PlyCount "91"]
[WhiteFideId "12943908"]
[BlackFideId "12991813"]
[EventCountry "GER"]
[EventRounds "9"]
[EventType "swiss"]
[EventDate "2015.05.23"]

1. e4 e5 2. d4 exd4 3. c3 dxc3 4. Bc4 Bc5 5. Bxf7+ Kxf7 6. Qh5+ Kf8 7. Qxc5+
Ne7 8. Nxc3 d6 9. Qe3 Ke8 10. Nf3 Nbc6 11. O-O Be6 12. Nd5 Qd7 13. Ng5 Kd8 14.
Nf4 Bc4 15. Rd1 h6 16. Nf3 Nb4 17. Qc3 Qb5 18. Nd4 Qa4 19. b3 Qa5 20. Qxc4 Rh7
21. Bd2 c5 22. Nde6+ Kd7 23. Bxb4 cxb4 24. Nc5+ Ke8 25. Nxb7 Qb6 26. Nxd6+ Kd7
27. Nc8+ Ke8 28. Nxb6 axb6 29. Qxb4 g5 30. Nd5 Nxd5 31. Rxd5 Rd8 32. Re1 Re7
33. Rxd8+ Kxd8 34. Qxb6+ Ke8 35. a4 Kf7 36. Rd1 Re6 37. Qb7+ Kf6 38. a5 Ke5 39.
a6 Kf6 40. a7 Re7 41. Qxe7+ Kxe7 42. a8=Q Kf6 43. Rd5 Ke6 44. Qc6+ Ke7 45. Rd7+
Ke8 46. Qc8# 1-0

[Event "DEM U14w 2015"]
[Site "Willingen GER"]
[Date "2015.05.24"]
[Round "2"]
[White "Suhr, Saskia"]
[Black "Höglauer, Jenny"]
[Result "1-0"]
[Termination "normal"]
[Board "13"]
[WhiteElo "821"]
[BlackElo "1487"]
[PlyCount "121"]
[WhiteFideId "16208803"]
[BlackFideId "12982598"]
[EventCountry "GER"]
[EventRounds "9"]
[EventType "swiss"]
[EventDate "2015.05.23"]

1. e4 c5 2. Bc4 a6 3. f4 b5 4. Be2 Bb7 5. d3 e6 6. a3 Nf6 7. Nc3 d6 8. Nf3 Be7
9. O-O Qc7 10. Be3 O-O 11. Qe1 Re8 12. Qh4 Nxe4 13. Ng5 Nxg5 14. fxg5 Nd7 15.
Ne4 Bxe4 16. Qxe4 d5 17. Qh4 h6 18. Qh5 Bxg5 19. Qxf7+ Kh8 20. Bxg5 hxg5 21.
Qh5+ Kg8 22. Qxg5 Qe5 23. Qxe5 Nxe5 24. b3 Kh7 25. c3 Nd7 26. Bg4 Nf6 27. Bf3
Rad8 28. c4 Rb8 29. cxd5 exd5 30. Rac1 Rbc8 31. h3 a5 32. Bg4 Nxg4 33. hxg4 Re3
34. Rf3 Re5 35. d4 Rg5 36. dxc5 Rxg4 37. c6 Rg6 38. c7 Rf6 39. Rd3 Rd6 40. Rc5
b4 41. Rdxd5 Rxd5 42. Rxd5 Rxc7 43. Rxa5 bxa3 44. Rxa3 Kg6 45. b4 Kf5 46. Re3
Rb7 47. Rb3 Ke4 48. Kf2 Kd4 49. Kf3 Kc4 50. Rb1 Rf7+ 51. Kg4 Rb7 52. Kf5 Rf7+
53. Kg6 Rf2 54. g4 Rg2 55. g5 Kb5 56. Re1 Rd2 57. Re5+ Kxb4 58. Kxg7 Rd7+ 59.
Kf8 Rd6 60. Re4+ Kc5 61. Rg4 1-0